MARC details
| 000 -CABECERA |
| campo de control de longitud fija |
02195nam a2200409 i 4500 |
| 001 - NÚMERO DE CONTROL |
| campo de control |
000017501 |
| 003 - IDENTIFICADOR DEL NÚMERO DE CONTROL |
| campo de control |
DO-SdBNP |
| 005 - FECHA Y HORA DE LA ÚLTIMA TRANSACCIÓN |
| campo de control |
20250925142702.0 |
| 007 - CAMPO FIJO DE DESCRIPCIÓN FÍSICA--INFORMACIÓN GENERAL |
| campo de control de longitud fija |
ta |
| 008 - DATOS DE LONGITUD FIJA--INFORMACIÓN GENERAL |
| campo de control de longitud fija |
100326s1998 dr 000 0 spa d |
| 040 ## - FUENTE DE LA CATALOGACIÓN |
| Centro catalogador/agencia de origen |
DO-SdBNP |
| Lengua de catalogación |
spa |
| Centro/agencia transcriptor |
BNPHU |
| Normas de descripción |
rda |
| 041 ## - CÓDIGO DE LENGUA |
| Código de lengua del texto/banda sonora o título independiente |
spa |
| 082 #4 - NÚMERO DE LA CLASIFICACIÓN DECIMAL DEWEY |
| Número de clasificación |
378.8254 |
| Número de documento/Ítem |
T926o 1998 |
| Número de edición |
22 |
| 100 1# - ENTRADA PRINCIPAL--NOMBRE DE PERSONA |
| Nombre de persona |
Tünnermann Bernheim, Carlos |
| Término indicativo de función/relación |
autor |
| Código de función/relación |
aut. |
| 9 (RLIN) |
17536 |
| 245 10 - MENCIÓN DE TÍTULO |
| Título |
Ochenta años de la reforma universitaria de Córdoba / |
| Mención de responsabilidad, etc. |
Carlos Tünnermann Bernheim ; prólogo Luis Manuel Peñalver. |
| 246 10 - FORMA VARIANTE DE TÍTULO |
| Título propio/Titulo breve |
80 años de la reforma universitaria de Córdoba. |
| 250 ## - MENCIÓN DE EDICIÓN |
| Mención de edición |
Cuarta edición |
| 264 #4 - PRODUCCIÓN, PUBLICACIÓN, DISTRIBUCIÓN, FABRICACIÓN Y COPYRIGHT |
| Producción, publicación, distribución, fabricación y copyright |
Santo Domingo, República Dominicana : |
| Nombre del de productor, editor, distribuidor, fabricante |
Editora Universitaria, |
| Fecha de producción, publicación, distribución, fabricación o copyright |
©1998. |
| 300 ## - DESCRIPCIÓN FÍSICA |
| Extensión |
122 páginas ; |
| Dimensiones |
20 cm. |
| 336 ## - TIPO DE CONTENIDO |
| Término de tipo de contenido |
texto |
| Código de tipo de contenido |
txt |
| Fuente |
rdacontent |
| 337 ## - TIPO DE MEDIO |
| Nombre/término del tipo de medio |
sin mediación |
| Código del tipo de medio |
n |
| Fuente |
rdamedia |
| 338 ## - TIPO DE SOPORTE |
| Nombre/término del tipo de soporte |
volumen |
| Código del tipo de soporte |
nc |
| Fuente |
rdacarrier |
| 490 1# - MENCIÓN DE SERIE |
| Mención de serie |
Colección Educación y sociedad ; |
| Designación de volumen o secuencia |
39 ; |
| 490 1# - MENCIÓN DE SERIE |
| Mención de serie |
Publicaciones Universidad Autónoma de Santo Domingo ; |
| Designación de volumen o secuencia |
856 |
| 505 0# - NOTA DE CONTENIDO CON FORMATO |
| Información miscelánea |
Prólogo / |
| Mención de responsabilidad |
Luis Manuel Peñalver -- |
| Título |
Raíces sociales e ideológicas de la Reforma -- |
| -- |
Situación de las universidades latinoamericanas al producirse el Movimiento de Córdoba -- |
| -- |
"En una oscura universidad mediterránea" -- |
| -- |
Proyección latinoamericana del movimiento -- |
| -- |
El programa de la Reforma -- |
| -- |
Balance la reforma a 65 años del Grito de Córdoba -- |
| -- |
Apéndice: "La Juventud argentina de Córdoba a los hombres libres de Sudamérica" (Manifiesto del 21 de junio de 1918) -- |
| Información miscelánea |
Notas. |
| 533 ## - NOTA DE REPRODUCCIÓN |
| Tipo de reproducción |
Facsímil: |
| Lugar de la reproducción |
Venezuela : |
| Institución responsable de la reproducción |
Universitaria Centro América, |
| Fecha de la reproducción |
[s.a] |
| Nota sobre la reproducción |
3ª ed. venezolana a cargo del Fondo Editorial para el Desarrollo de la Educación Superior |
| 590 ## - NOTA LOCAL (RLIN) |
| Nota local |
Inventariado, 2018/ YL |
| 650 #4 - PUNTO DE ACCESO ADICIONAL DE MATERIA--TÉRMINO DE MATERIA |
| Término de materia o nombre geográfico como elemento de entrada |
Reforma universitaria |
| Subdivisión geográfica |
Argentina |
| 9 (RLIN) |
38223 |
| 650 #4 - PUNTO DE ACCESO ADICIONAL DE MATERIA--TÉRMINO DE MATERIA |
| Término de materia o nombre geográfico como elemento de entrada |
Conflictos universitarios |
| 9 (RLIN) |
38224 |
| 650 #4 - PUNTO DE ACCESO ADICIONAL DE MATERIA--TÉRMINO DE MATERIA |
| Término de materia o nombre geográfico como elemento de entrada |
Universidades |
| Subdivisión general |
Historia |
| Subdivisión geográfica |
Argentina |
| 9 (RLIN) |
38225 |
| 700 1# - PUNTO DE ACCESO ADICIONAL--NOMBRE DE PERSONA |
| Nombre de persona |
Peñalver, Luis Manuel, |
| Término indicativo de función/relación |
prologuista |
| 9 (RLIN) |
38226 |
| Código de función/relación |
pr. |
| 710 1# - PUNTO DE ACCESO ADICIONAL--NOMBRE DE ENTIDAD CORPORATIVA |
| Nombre de entidad corporativa o nombre de jurisdicción como elemento de entrada |
Universidad Autónoma de Santo Domingo |
| 9 (RLIN) |
72951 |
| 830 #0 - PUNTO DE ACCESO ADICIONAL DE SERIE-TÍTULO UNIFORME |
| Título uniforme |
Educación y Sociedad |
| Número de parte o sección de la obra |
39 |
| 9 (RLIN) |
38227 |
| 830 #0 - PUNTO DE ACCESO ADICIONAL DE SERIE-TÍTULO UNIFORME |
| Título uniforme |
Publicaciones Universidad Autónoma de Santo Domingo |
| Número de parte o sección de la obra |
856 |
| 9 (RLIN) |
38228 |
| 910 ## - DATOS DE OPCIÓN DEL USUARIO (OCLC) |
| Datos de opción del usuario |
Validado. Control de calidad EMS |
| 942 ## - ELEMENTOS DE PUNTO DE ACCESO ADICIONAL (KOHA) |
| Fuente del sistema de clasificación o colocación |
Dewey Decimal Classification |
| Tipo de ítem Koha |
Libro |